Platzierungen ESC 2024 - Statistiken

Allgemein
  • Dieses Quiz wurde 303 mal gespielt
  • Das Durchschnittsergebnis liegt bei 15 aus 25
Antwortstatistiken
Platzierung Punkte Land % Korrekt
1 591 Schweiz
99%
2 547 Kroatien
87%
12 117 Deutschland
81%
3 453 Ukraine
75%
5 375 Israel
72%
4 445 Frankreich
71%
6 278 Irland
64%
25 16 Norwegen
64%
24 24 Österreich
64%
9 174 Schweden
62%
7 268 Italien
59%
22 30 Spanien
54%
19 38 Finnland
52%
10 152 Portugal
52%
13 103 Luxemburg
51%
20 37 Estland
50%
11 126 Griechenland
50%
16 64 Lettland
50%
14 90 Litauen
49%
8 183 Armenien
46%
17 64 Serbien
44%
23 27 Slowenien
44%
15 78 Zypern
44%
21 34 Georgien
40%
18 46 Großbritannien
36%
Keine übereinstimmenden Quizze gefunden
Verteilung der Resultate
Anzahl Personen mit jedem Resultat
Perzentil nach korrekt beantworteten Fragen
Ihre Resultats-Entwicklung
Sie haben dieses Quiz noch nicht gespielt